The carabao-turtle race and other classic Philippine animal folk tales / (Record no. 292140)
[ view plain ]
| 000 -LEADER | |
|---|---|
| fixed length control field | 00742nam a2200229Ia 4500 |
| 008 - FIXED-LENGTH DATA ELEMENTS--GENERAL INFORMATION | |
| fixed length control field | 160319s9999 xx 000 0 und d |
| 020 ## - INTERNATIONAL STANDARD BOOK NUMBER | |
| International Standard Book Number | 978971630016 |
| 050 ## - LIBRARY OF CONGRESS CALL NUMBER | |
| Classification number | 398.245 |
| 050 ## - LIBRARY OF CONGRESS CALL NUMBER | |
| Item number | V468c 1993 |
| 100 ## - MAIN ENTRY--PERSONAL NAME | |
| Personal name | Ventura, Sylvia Mendez |
| 245 #4 - TITLE STATEMENT | |
| Title | The carabao-turtle race and other classic Philippine animal folk tales / |
| 245 ## - TITLE STATEMENT | |
| Statement of responsibility, etc | as told by Sylvia Mendez Ventura ; illustrated by Joanne de León. |
| 260 ## - PUBLICATION, DISTRIBUTION, ETC. (IMPRINT) | |
| Place of publication, distribution, etc | Manila : |
| 260 ## - PUBLICATION, DISTRIBUTION, ETC. (IMPRINT) | |
| Name of publisher, distributor, etc | Tahanan Books for Young Readers : Distributed in the Philippines by Bookmark, |
| 260 ## - PUBLICATION, DISTRIBUTION, ETC. (IMPRINT) | |
| Date of publication, distribution, etc | 1993 |
| 300 ## - PHYSICAL DESCRIPTION | |
| Extent | 55 pages : |
| 300 ## - PHYSICAL DESCRIPTION | |
| Other physical details | illustrations ; |
| 300 ## - PHYSICAL DESCRIPTION | |
| Dimensions | 26 cm. |
| 650 ## - SUBJECT ADDED ENTRY--TOPICAL TERM | |
| Topical term or geographic name as entry element | Animals -- Folklore. |
| 650 ## - SUBJECT ADDED ENTRY--TOPICAL TERM | |
| Topical term or geographic name as entry element | Folklore -- Philippines. |
| 650 ## - SUBJECT ADDED ENTRY--TOPICAL TERM | |
| Topical term or geographic name as entry element | Tales -- Philippines. |
| Withdrawn status | Lost status | Damaged status | Home library | Current library | Shelving location | Date acquired | Total Checkouts | Full call number | Barcode | Date last seen | Price effective from | Koha item type |
|---|---|---|---|---|---|---|---|---|---|---|---|---|
| Stonyhurst Southville International School (Batangas) | Stonyhurst Southville International School (Batangas) | Filipiniana Section | 03/19/2016 | Fil 398.245 V468c 1993 | LS 0569 | 03/19/2016 | 03/19/2016 | Books |